[Event "BL 0607 SC Bann - Hamburger SK"]
[Site "?"]
[Date "2007.03.31"]
[Round "14.4"]
[White "Jirovsky, Milos"]
[Black "Kempinski, Robert"]
[Result "0-1"]
[WhiteElo "2492"]
[BlackElo "2590"]
[PlyCount "98"]
[EventDate "2007.??.??"]

1. c4 g6 2. g3 Nf6 3. Bg2 d5 4. cxd5 Nxd5 5. Nc3 Nb6 6. Nf3 Bg7 7. d4 Nc6 8.
O-O O-O 9. d5 Na5 10. Qc2 c6 11. dxc6 Nxc6 12. Rd1 Bf5 13. e4 Bd7 14. Bh3 Bxh3
15. Rxd8 Raxd8 16. Be3 Bg4 17. Kg2 Nc4 18. h3 Bxf3+ 19. Kxf3 Rd2 20. Qxd2 Nxd2+
21. Bxd2 Rd8 22. Rd1 Bxc3 23. bxc3 f5 24. exf5 gxf5 25. Ke2 Kf7 26. g4 Rd5 27.
Rb1 b6 28. f4 Ra5 29. Rb2 Ra4 30. Rb5 e5 31. gxf5 Kf6 32. fxe5+ Nxe5 33. Be3
Rxa2+ 34. Kd1 Kxf5 35. Bd4 Ra5 36. Rxa5 bxa5 37. Bxa7 Ke4 38. Kc2 a4 39. Kb2
Nc4+ 40. Ka2 Kf3 41. h4 Kg3 42. h5 Kg4 43. h6 Kg5 44. Bd4 Kxh6 45. Bf6 Kg6 46.
Bd8 h5 47. Be7 Kf5 48. Bd8 Kg4 49. Be7 h4 0-1

[Event "BL 0607 SC Bann - Hamburger SK"]
[Site "?"]
[Date "2007.03.31"]
[Round "14.5"]
[White "Van Delft, Merijn"]
[Black "Slobodjan, Roman"]
[Result "0-1"]
[WhiteElo "2404"]
[BlackElo "2525"]
[PlyCount "56"]
[EventDate "2007.??.??"]

1. e4 e5 2. Nf3 Nc6 3. Bb5 Nge7 4. c3 a6 5. Ba4 d6 6. d4 Bd7 7. h4 h6 8. h5
exd4 9. cxd4 d5 10. exd5 Nxd5 11. Nc3 Bb4 12. Bd2 Bxc3 13. bxc3 O-O 14. Nh4
Re8+ 15. Kf1 Re4 16. g3 Qf6 17. Kg2 Bg4 18. f3 Rae8 19. fxg4 Re2+ 20. Kh3 Qf2
21. Qf1 Rxd2 22. Qxf2 Rxf2 23. Rhe1 Rxe1 24. Rxe1 Kf8 25. Bb3 Nxc3 26. Nf5 Re2
27. Rxe2 Nxe2 28. d5 Ncd4 0-1

[Event "BL 0607 SC Bann - Hamburger SK"]
[Site "?"]
[Date "2007.03.31"]
[Round "14.6"]
[White "Bunzmann, Dimitri"]
[Black "Heinemann, Thies"]
[Result "1-0"]
[WhiteElo "2530"]
[BlackElo "2453"]
[PlyCount "59"]
[EventDate "2007.??.??"]

1. d4 Nf6 2. c4 e6 3. Nf3 Bb4+ 4. Bd2 Qe7 5. g3 Nc6 6. Bg2 Bxd2+ 7. Nbxd2 O-O
8. O-O d6 9. Qc2 e5 10. e3 a5 11. b3 Re8 12. d5 Nb8 13. a3 c6 14. Ng5 g6 15.
dxc6 bxc6 16. Nge4 Nxe4 17. Nxe4 f5 18. Nc3 e4 19. Rad1 Rd8 20. Qd2 Na6 21. f3
Nc5 22. fxe4 Nxb3 23. Qe1 fxe4 24. Nxe4 Bf5 25. Rf4 Bxe4 26. Rxe4 Qg5 27. Re6
Qc5 28. Qc3 Re8 29. Rdxd6 Qxa3 30. Rxg6+ 1-0

[Event "BL 0607 SC Bann - Hamburger SK"]
[Site "?"]
[Date "2007.03.31"]
[Round "14.8"]
[White "Feller, Sebastien"]
[Black "Huschenbeth, Niclas"]
[Result "0-1"]
[WhiteElo "2424"]
[BlackElo "2241"]
[PlyCount "122"]
[EventDate "2007.??.??"]

1. Nf3 Nf6 2. c4 g6 3. Nc3 Bg7 4. e4 d6 5. d4 O-O 6. Be2 e5 7. Be3 Ng4 8. Bg5
f6 9. Bh4 g5 10. Bg3 Nh6 11. d5 g4 12. Nd2 a5 13. Nf1 Qe8 14. Ne3 Qg6 15. a3
Na6 16. Bd3 Nc5 17. Bc2 a4 18. O-O Bd7 19. f4 f5 20. fxe5 dxe5 21. exf5 Nxf5
22. Bf2 Nxe3 23. Bxe3 Rxf1+ 24. Kxf1 Bf5 25. Bxf5 Qxf5+ 26. Kg1 Nb3 27. Rb1 Nd4
28. Qd2 Rf8 29. Rd1 Qh5 30. Ne4 Qg6 31. Qd3 Nf5 32. Rf1 Nd6 33. Rxf8+ Bxf8 34.
Nf2 Qxd3 35. Nxd3 Nxc4 36. Bc1 h5 37. Kf1 Kf7 38. Ke2 Kf6 39. Nf2 Kf5 40. Nd1
b5 41. Nc3 Nd6 42. Na2 Ke4 43. Nc3+ Kd4 44. Bg5 Kc4 45. Bd8 Ne8 46. Ne4 Kxd5
47. Ng3 Ng7 48. Bxc7 h4 49. Nf1 Ne6 50. Ne3+ Ke4 51. Bb6 Nf4+ 52. Kd1 g3 53.
hxg3 Nxg2 54. Nf1 h3 55. Ke2 Bh6 56. Nh2 Bc1 57. Ng4 Kf5 58. Nf2 h2 59. Nh1
Bxb2 60. Kf1 Bd4 61. Bxd4 exd4 0-1

[Event "BL 0607 SC Remagen - Solinger SG"]
[Site "?"]
[Date "2007.03.31"]
[Round "14.3"]
[White "Stellwagen, Daniel"]
[Black "Popovic, Petar"]
[Result "1-0"]
[WhiteElo "2576"]
[BlackElo "2483"]
[PlyCount "58"]
[EventDate "2007.??.??"]

1. e4 c5 2. Nf3 d6 3. d4 cxd4 4. Nxd4 Nf6 5. Nc3 a6 6. Be2 e5 7. Nb3 Be7 8. O-O
O-O 9. Kh1 Bd7 10. f4 a5 11. Be3 Nc6 12. a4 Nb4 13. Bf3 Qc7 14. Qe2 d5 15. fxe5
Nxe4 16. Nxe4 dxe4 17. Bxe4 Qxe5 18. Bf4 Qe6 19. Nd4 Qb6 20. c3 Rae8 21. cxb4
Bf6 22. Nb5 Bc6 23. Nd6 Qxb4 24. Rae1 Re6 25. Qd3 Kh8 26. Bg3 Bxa4 27. Bxh7
Rxe1 28. Rxe1 Qg4 29. Bf5 Qg5 {letzter Zug unleserlich} 1-0

[Event "BL 0607 SC Remagen - Solinger SG"]
[Site "?"]
[Date "2007.03.31"]
[Round "14.5"]
[White "Werle, Jan"]
[Black "Mainka, Romuald"]
[Result "0-1"]
[WhiteElo "2551"]
[BlackElo "2485"]
[PlyCount "52"]
[EventDate "2007.??.??"]

1. Nf3 d5 2. d4 e6 3. c4 dxc4 4. e3 Nf6 5. Bxc4 c5 6. O-O a6 7. a4 Nc6 8. Qe2
Be7 9. Rd1 cxd4 10. exd4 O-O 11. Nc3 Nd5 12. Bb3 Ncb4 13. Ne5 Bd7 14. Qf3 Bc6
15. Qg3 Kh8 16. Ne4 Rc8 17. Bd2 Be8 18. Bc3 b6 19. Rac1 f6 20. Bxb4 Rxc1 21.
Rxc1 Nxb4 22. Nf3 Nd5 23. Nc3 Bd6 24. Qh4 Nf4 25. Bc2 h5 26. Ne5 g5 0-1

[Event "BL 0607 SC Remagen - Solinger SG"]
[Site "?"]
[Date "2007.03.31"]
[Round "14.6"]
[White "Boidman, Yuri"]
[Black "Hoffmann, Michael"]
[Result "1/2-1/2"]
[WhiteElo "2438"]
[BlackElo "2477"]
[PlyCount "50"]
[EventDate "2007.??.??"]

1. e4 c5 2. Nf3 d6 3. d4 cxd4 4. Qxd4 a6 5. c4 Nc6 6. Qd2 g6 7. b3 Bg7 8. Nc3
Nf6 9. Bb2 O-O 10. h3 Qa5 11. Bd3 b5 12. cxb5 axb5 13. O-O b4 14. Ne2 Bb7 15.
Rfe1 Rfc8 16. Ned4 Nxd4 17. Bxd4 Nd7 18. Bxg7 Kxg7 19. Bc4 Nb6 20. Qd4+ Kg8 21.
Nd2 Qc5 22. Qb2 Nxc4 23. Nxc4 d5 24. exd5 Bxd5 25. Na3 Be6 1/2-1/2

[Event "BL 0607 SC Remagen - Solinger SG"]
[Site "?"]
[Date "2007.03.31"]
[Round "14.7"]
[White "Smeets, Jan"]
[Black "Polaczek, Richard"]
[Result "1-0"]
[WhiteElo "2525"]
[BlackElo "2423"]
[PlyCount "81"]
[EventDate "2007.??.??"]

1. e4 Nf6 2. e5 Nd5 3. d4 d6 4. c4 Nb6 5. exd6 exd6 6. Nc3 Nc6 7. h3 Bf5 8. Be3
Be7 9. Nf3 O-O 10. d5 Ne5 11. Nd4 Bg6 12. b3 c5 13. dxc6 Nxc6 14. Be2 d5 15. c5
Nd7 16. Nxd5 Bxc5 17. O-O Re8 18. Nxc6 bxc6 19. Bxc5 Nxc5 20. Nf4 Qf6 21. Nxg6
hxg6 22. Bf3 Re5 23. Qc2 Rae8 24. Rac1 R8e6 25. Rfd1 Ne4 26. Qd3 Rd5 27. Qa6
Qf4 28. Qxa7 Rxd1+ 29. Rxd1 Nc3 30. Rf1 Nb5 31. Qa8+ Kh7 32. Bxc6 Nd4 33. g3
Qd2 34. Bd5 Rf6 35. a4 Ne2+ 36. Kg2 Nc3 37. Bf3 Qb2 38. a5 Qxb3 39. a6 Nb1 40.
Qd5 Qb6 41. Rxb1 1-0

[Event "BL 0607 SC Remagen - Solinger SG"]
[Site "?"]
[Date "2007.03.31"]
[Round "14.8"]
[White "Schulz, Klaus-Juergen"]
[Black "Ernst, Sipke"]
[Result "0-1"]
[WhiteElo "2393"]
[BlackElo "2512"]
[PlyCount "62"]
[EventDate "2007.??.??"]

1. d4 d5 2. c4 c6 3. Nf3 Nf6 4. Qb3 e6 5. g3 Nbd7 6. Bg2 Bd6 7. Nc3 O-O 8. O-O
b6 9. e4 Nxe4 10. Nxe4 dxe4 11. Ng5 Nf6 12. Nxe4 Nxe4 13. Bxe4 Bd7 14. c5 Bc7
15. Qf3 Qe8 16. cxb6 Bxb6 17. Bf4 f5 18. Bc2 Bxd4 19. Rad1 c5 20. Rfe1 Bc6 21.
Qa3 Qh5 22. Rxe6 Bd5 23. Rxd4 cxd4 24. Rd6 Bf7 25. Rxd4 Qe2 26. Bxf5 Rad8 27.
Bd6 Bc4 28. Rxc4 Rxf5 29. Rf4 Rxf4 30. Bxf4 Rd1+ 31. Kg2 Qf1+ 0-1

[Event "BL 0607 SG Köln Porz - SV Wattenscheid"]
[Site "?"]
[Date "2007.03.31"]
[Round "14.2"]
[White "Lutz, Christopher"]
[Black "Bartel, Mateusz"]
[Result "1/2-1/2"]
[WhiteElo "2580"]
[BlackElo "2569"]
[PlyCount "90"]
[EventDate "2007.??.??"]

1. e4 e6 2. d4 d5 3. Nc3 Bb4 4. e5 c5 5. a3 Bxc3+ 6. bxc3 Qa5 7. Bd2 Qa4 8. Qb1
a6 9. Nf3 Nc6 10. Qb3 Qxb3 11. cxb3 Na5 12. Rb1 c4 13. bxc4 dxc4 14. Ng5 f5 15.
Rb6 Ke7 16. h4 Bd7 17. Be2 Nh6 18. a4 Nf7 19. Bc1 Nxg5 20. hxg5 Kd8 21. Ba3 Kc7
22. Rd6 b6 23. Bb4 Nb7 24. Bf3 a5 25. Ba3 Rab8 26. Kd2 Nd8 27. g6 h5 28. Rxh5
Rxh5 29. Bxh5 Bxa4 30. d5 exd5 31. Rxd5 Bc6 32. Rd4 Kb7 33. Rxc4 Ne6 34. Be2
Bxg2 35. Rh4 Rd8+ 36. Bd3 f4 37. Bd6 Ra8 38. c4 Bc6 39. Rh7 Rg8 40. Kc3 Ng5 41.
Rh4 Ne4+ 42. Bxe4 Bxe4 43. Rxf4 Bxg6 44. e6 Kc6 45. e7 Re8 1/2-1/2

[Event "BL 0607 SG Köln Porz - SV Wattenscheid"]
[Site "?"]
[Date "2007.03.31"]
[Round "14.5"]
[White "Handke, Florian"]
[Black "Graf, Alexander"]
[Result "1-0"]
[WhiteElo "2459"]
[BlackElo "2601"]
[PlyCount "107"]
[EventDate "2007.??.??"]

1. e4 {[%emt 0:00:00]} e5 2. Nf3 Nc6 3. Bb5 a6 4. Ba4 Nf6 5. O-O Be7 6. Re1 b5
7. Bb3 d6 8. c3 O-O 9. h3 Na5 10. Bc2 c5 11. d4 Nd7 12. Kh1 Qc7 13. d5 Nb6 14.
g4 Nb7 15. Nbd2 c4 16. Nf1 Nc5 17. Ng3 a5 18. Rg1 b4 19. Be3 Rb8 20. cxb4 axb4
21. Rc1 Ra8 22. Qe1 Rb8 23. b3 Ba6 24. Nf5 Rfc8 25. Nh2 Bf8 26. g5 Qb7 27. Ng4
cxb3 28. Nf6+ Kh8 29. f3 Nbd7 30. Nxh7 Kxh7 31. Qh4+ Kg8 32. Nh6+ gxh6 33.
gxh6+ Bg7 34. Qg5 Kf8 35. Qxg7+ Ke8 36. h7 Kd8 37. h8=Q+ Kc7 38. Qhh7 bxc2 39.
Rxc2 b3 40. Rxc5+ dxc5 41. Qxf7 Qb5 42. d6+ Kb6 43. Qxd7 Qe2 44. Qc7+ Kb5 45.
Qhd7+ Kc4 46. Qa4+ Kc3 47. Qca5+ Kd3 48. Qe1 Qxf3+ 49. Kh2 c4 50. Qd2+ Kxe4 51.
Rg4+ Qxg4 52. hxg4 Bb5 53. Qa7 c3 54. Qh7+ 1-0